000 00489nam a2200193Ia 4500
001 14822
003 GE_BSU
008 181216s||||||||xx |||||||||||||| ||und||
040 _cGE_BSU
080 _a512.54
100 _aАлександров,П.С.
245 _aВведение в теорию групп.
260 _aМосква
260 _bНаука
260 _c1980
300 _a144стр.20см.
653 _aВведение в теорию групп.
942 _cBK
999 _c47945
_d47945